<An> Empirical Test on Linkage Between Foreign Exchange Market and Stock Market: Evidence from Hungary, Czech Republic, Poland and Romania

Preverovanie príčinných vzťahov medzi cenami na burze a výmennými sadzbami v Maďarsku, Česku, Poľsku a Maďarsku prostredníctvom Grangerovho kauzálneho testu a Vektorovej autoregresnej techniky mesačnej návratnosti cenných papierov a zahraničnej výmennej sadzby za obdobie od 31.10. 2008 do 18.9. 2017...

Celý popis

Uložené v:
Podrobná bibliografia
Hlavný autor: Hung, Thai
Médium: Kapitola
Jazyk:English
Predmet:
Tagy: Pridať tag
Žiadne tagy, Buďte prvý, kto otaguje tento záznam!

MARC

LEADER 00000nla a2200000 4500
001 0242092
005 20240416111628.2
041 0 |a eng 
044 |a PT 
245 1 0 |a <An> Empirical Test on Linkage Between Foreign Exchange Market and Stock Market: Evidence from Hungary, Czech Republic, Poland and Romania  |c Thai Hung 
520 |a Preverovanie príčinných vzťahov medzi cenami na burze a výmennými sadzbami v Maďarsku, Česku, Poľsku a Maďarsku prostredníctvom Grangerovho kauzálneho testu a Vektorovej autoregresnej techniky mesačnej návratnosti cenných papierov a zahraničnej výmennej sadzby za obdobie od 31.10. 2008 do 18.9. 2017. 
610 2 0 |a trh menový 
610 2 0 |a trh devízový 
610 2 0 |a trh burzový 
610 2 0 |a mena 
610 2 0 |a burzy cenných papierov 
610 2 0 |a vzťahy devízovo-finančné 
610 2 0 |a analýza regresná 
610 2 0 |a Česko 
610 2 0 |a Poľsko 
610 2 0 |a Maďarsko 
610 2 0 |a Rumunsko 
100 1 |a Hung, Thai